MARC

LEADER 00000nam0a2200000 4500
001 303416
005 20231101010100.0
035 |a (RuTPU)RU\TPU\book\328639 
035 |a RU\TPU\book\56068 
090 |a 303416 
100 |a 20150902d1958 km y0rusy50 ca 
101 0 |a rus 
102 |a RU 
105 |a a z 001zy 
200 1 |a Феррорезонансные стабилизаторы  |f Д. И. Богданов, Г. К. Евдокимов 
210 |a Москва  |a Ленинград  |c Энергия  |d 1958 
215 |a 80 с.  |c ил. 
225 1 |a Библиотека по автоматике  |v Вып. 2 
320 |a Библиогр.: с. 79. 
610 1 |a стабилизаторы 
610 1 |a стабилизаторы напряжения 
610 1 |a феррорезонансные стабилизаторы 
610 1 |a материалы 
610 1 |a схемы 
610 1 |a расчеты 
675 |a 621.316.7  |v 3 
700 1 |a Богданов  |b Д. И.  |g Дмитрий Иванович 
701 1 |a Евдокимов  |b Г. К.  |g Григорий Кузьмич 
801 1 |a RU  |b 63413507  |c 20030619  |g PSBO 
801 2 |a RU  |b 63413507  |c 20150924  |g PSBO 
942 |c BK